FEWER BIGGER BOLDER FROM MINDLESS EXPANS (Record no. 32879)
[ view plain ]
| 000 -LEADER | |
|---|---|
| fixed length control field | 00287nam a2200121Ia 4500 |
| 008 - FIXED-LENGTH DATA ELEMENTS--GENERAL INFORMATION | |
| fixed length control field | 240625s9999 xx 000 0 und d |
| 041 ## - LANGUAGE CODE | |
| Language code of text/sound track or separate title | eng |
| 082 ## - DEWEY DECIMAL CLASSIFICATION NUMBER | |
| Classification number | 658.4063 KHO |
| 100 ## - MAIN ENTRY--PERSONAL NAME | |
| Personal name | BY KHOSLA SANJAY |
| 245 ## - TITLE STATEMENT | |
| Title | FEWER BIGGER BOLDER FROM MINDLESS EXPANS |
| 260 ## - PUBLICATION, DISTRIBUTION, ETC. | |
| Date of publication, distribution, etc. | 2014 |
| 365 ## - TRADE PRICE | |
| Currency code | RS |
| Withdrawn status | Lost status | Damaged status | Not for loan | Home library | Current library | Shelving location | Date acquired | Cost, normal purchase price | Full call number | Barcode | Date last seen | Copy number | Price effective from | Koha item type |
|---|---|---|---|---|---|---|---|---|---|---|---|---|---|---|
| IMTN | IMTN | Rack 31-B | 10/14/2014 | 1022.00 | 658.4063 KHO | AB66 | 06/25/2024 | 1 | 06/25/2024 | AB |